000 003990000a22001570004500
003 LK-CoMWRAF
008 230817t ||||| |||| 00| 0 eng d
020 _a0813525608
040 _aLK-CoMWRAF
_dLK-CoMWRAF
_eLK-CoMWRAF
041 _aeng
082 _a300
_bHAR
245 _aTalking Leadership
_bConversations With Powerful Women
260 _aLondon
_bRutgers
_c1999
300 _ap.287
942 _cBK
999 _c415
_d415